| 000 | 01721cam a2200277 a 4500 | ||
|---|---|---|---|
| 003 | OSt | ||
| 005 | 20210830162111.0 | ||
| 008 | 070530s2006 ck ad r 000 0 spa d | ||
| 020 | _a9589285651 | ||
| 040 |
_aCO-BoPUJ _cCO-JMCR |
||
| 041 | 0 | _aspa | |
| 082 | 0 | 4 |
_a338.642 / _bN735p _223 |
| 100 | 1 |
_aNivia Guevara, Leonardo, _eautor _939790 |
|
| 245 | 1 | 3 |
_aLa pyme y sus aportes al desarrollo de Colombia : _bla historia de ACOPI, 1951-2006 / _cLeonardo Nivia Guevara, Fabián Camilo Ramírez Piza y Clara Inés Forero Bravo |
| 260 |
_aBogotá : _bFundación Konrad Adenauer Stiftung, _c2006. |
||
| 300 |
_a199 páginas : _bilustraciones, cuadros y gráficas ; _c24 cm. |
||
| 504 | _aIncluye referencias bibliográficas. | ||
| 505 | 0 | _a1957-1962: Ciclo de dificultades. -- Segundo periodo1958-1974. -- Tercer periodo: después del frente nacional plan para cerrar la brecha. -- Periodo 1986-1990. ACOPI conforma su prospecto ideológico. -- Desarrollo institucional en la década de los 80. -- El ciclo de la desindustrialización. -- Hacia la reindustrialización colombiana. -- Política publica PYME. -- ACOPI celebra sus 50 años de vida institucional. -- En busca del tiempo perdido. -- El papel de los gremios empresariales PYME. | |
| 610 | 2 | 4 |
_aAsociación Colombiana de la Micro, Pequeñas y Medianas Empresas _xHistoria _939791 |
| 650 | 2 | 4 |
_aPequeña y mediana empresa _xHistoria _zColombia _939792 |
| 650 | 2 | 4 |
_aMicroempresas _xHistoria _zColombia _939793 |
| 700 | 1 |
_aRamírez Piza, Fabián Camilo _eautor _939794 |
|
| 700 | 1 |
_aForero Bravo, Clara Inés _eautor _939795 |
|
| 942 |
_2ddc _cBK |
||
| 999 |
_c12355 _d12355 |
||